01013nas a2200253Ia 4500001001100000003000900011008004100020040001300061040001300074041001300087100004200100210001700142222001700159245010500176250001100281260004600292501008600338300001900424362003900443650003600482942000700518999001900525952021500544R020/75121IT-RoPAU151124c99999999xx |||||||||||| ||und|| aIT-RoPAU cIT-RoPAU aITALIANO aBerglund BogCodice Aut. SPICS: 23882 aGRIFFITHIANA aGriffithiana aGRIFFITHIANA, ANNO 11-N.32/33 (SETTEMBRE 1988)bAlcune Integrazioni Alla Filmografia di Oliver Hardy a1a ed. aGEMONA (UDINE)bCINETECA DEL FRIULIc1988 bPaulus - SPICS - Società San Paolo EM (non-commercial uses only)cCopyright2015 a5 p. [101-105] aANNO 011, N.32/33 (SETTEMBRE 1988) aCINEMAvPUBBLICAZIONE PERIODICA cCR c129846d129846 0010406R_020_75121000000000071aSPICSbSPICSd2015-11-25l0oR020/75121r2015-11-25 00:00:00w2015-11-25yCRzProgr. Ins: 27112 / Copia rara: NO / date import: 25.11.2015 / By Epidotti, Trombetti, Vaglietti